Statystyki dla Rozpoznaj do kogo należy dany utwór (Polski Rap/Trap)

Kliknij tutaj aby rozwiązać quiz!

Ogólne statystyki

  • Ten quiz został rozwiązany 831 razy
  • Średni wynik to 12 z 25

Statystyki odpowiedzi

Tytuł utworuFeatArtysta% Poprawnych
Rockstar-White 2115
92%
Tatuaże z HennyReToGuzior
87%
Fiji-Taco Hemingway
85%
WowKubi ProducentBedoes
74%
Dobry ChłopakSzpakuSarius
73%
FilipinyKubi ProducentBedoes
71%
WeedbangerReTo, ŻabsonBorixon
70%
AHAPezetOtsochodzi
67%
moizdrajcy.comPrzyłuDeys
64%
Mój Kościół-Paluch
64%
Nigdy ponad stan-KęKę
51%
KosmitaŻabsonYoung Multi
50%
Jacuzzi na 42Bonus RPKKizo
48%
Niech to UsłysząSzpakuJan-Rapowanie
44%
MelexLanek, BedoesBiałas
41%
Nagano 98-Kartky
41%
Czego?!-Beteo
40%
Jedna Noc-Zeamsone
36%
666-Opał
15%
Nirwana-KaeN
14%
Nie kłam sukoMilu, QbikFilipek
12%
Mówili mi-Kleszcz
10%
500 EuroBlacha 2115Bandura & Hellfield
6%
TGV-Ganja Mafia
6%
Halloween-Wiatr
6%

Rozkład punktacji

Percentyl według liczby udzielonych odpowiedzi

Procent ludzi z każdym wynikiem

Twoja historia wyników

Nie rozwiązałeś tego quizu